000 00538nmm a2200169Ia 4500
008 251105s9999||||xx |||||||||||||||||und||
020 _a9789681673413
041 _aspa
100 _aMannheim, Karl
245 0 _aIdeología y utopía :
_b Introducción a la sociología del conocimiento
264 _a[México D.C., Mexico] :
_bFondo de Cultura Económica,
_c2010
300 _a382 páginas
490 _aConmemorativa 70 Aniversario
650 _aSociology
856 _uhttps://public.digitaliapublishing.com/a/43005
942 _cCF
999 _c96981
_d96981